[Event "II Open A"]
[Site "Pedavena ITA"]
[Date "2006.08.04"]
[Round "5"]
[White "Gamberini, Davide"]
[Black "Paltrinieri, Nicholas"]
[Result "1-0"]
[WhiteElo "1853"]
[BlackElo "1817"]
[PlyCount "71"]
[EventDate "2006.08.01"]

1. e4 d5 2. exd5 Qxd5 3. d4 Nc6 4. Nf3 Bg4 5. Be2 O-O-O 6. Nc3 Qf5 7. Be3 Nf6
8. h3 Bxf3 9. Bxf3 Nb4 10. Rc1 e5 11. d5 e4 12. Bg4 Nxg4 13. hxg4 Qe5 14. Rh5
Qe8 15. Qd4 b6 16. Qc4 Kb7 17. a3 Na6 18. Rd1 g6 19. Rh3 Bg7 20. Bd4 Bxd4 21.
Rxd4 f5 22. gxf5 gxf5 23. Nb5 Qg6 24. Rg3 Qf6 25. Rc3 Nc5 26. b4 a6 27. Nxc7
Kxc7 28. bxc5 b5 29. d6+ Kb8 30. Qd5 Rhg8 31. c6 Rxg2 32. c7+ Ka7 33. cxd8=Q
Rg1+ 34. Ke2 Qxd8 35. Rc7+ Kb6 36. Ra4 1-0

[Event "II Open A"]
[Site "Pedavena ITA"]
[Date "2006.08.04"]
[Round "5"]
[White "Hutzheimer, Alfred"]
[Black "Zulian, Stefano"]
[Result "1/2-1/2"]
[WhiteElo "2146"]
[BlackElo "1889"]
[PlyCount "103"]
[EventDate "2006.08.01"]

1. d4 g6 2. c4 Bg7 3. Nc3 d6 4. Bf4 Nc6 5. e3 f5 6. Nf3 Nh6 7. d5 Ne5 8. Bxe5
Bxe5 9. Nxe5 dxe5 10. Be2 O-O 11. f4 a6 12. fxe5 f4 13. e4 e6 14. h4 exd5 15.
cxd5 Qe7 16. Qd4 Bg4 17. d6 cxd6 18. exd6 Qf7 19. Nd5 Qg7 20. Ne7+ Kh8 21.
Qxg7+ Kxg7 22. Bf3 Rf6 23. O-O-O Rd8 24. e5 Re6 25. Rhe1 Bxf3 26. gxf3 Nf7 27.
Rd5 Nxd6 28. Red1 Rxe7 29. Rxd6 Rc8+ 30. Kb1 Rxe5 31. Rd7+ Kg8 32. Rxb7 Rec5
33. a3 R5c7 34. Rb4 Rf7 35. Rd6 Re8 36. Rdd4 Re3 37. Rxf4 Rxf3 38. Rfe4 Kg7 39.
a4 a5 40. Rb5 R3f5 41. Ree5 Rxe5 42. Rxe5 Ra7 43. Kc2 Kf6 44. Rb5 h6 45. Kd3 g5
46. hxg5+ hxg5 47. Ke4 Kg6 48. Kf3 Kh5 49. Kg3 Ra6 50. Rb8 Rd6 51. Rh8+ Kg6 52.
Rg8+ 1/2-1/2

[Event "II Open A"]
[Site "Pedavena ITA"]
[Date "2006.08.04"]
[Round "5"]
[White "Luciani, Valerio"]
[Black "Rossi, Gianni"]
[Result "1-0"]
[WhiteElo "2232"]
[BlackElo "2105"]
[PlyCount "93"]
[EventDate "2006.08.01"]

1. d4 e5 2. dxe5 d6 3. exd6 Bxd6 4. g3 Qe7 5. Bg2 Nc6 6. c3 Nf6 7. Bg5 h6 8.
Bxf6 Qxf6 9. Nd2 Bf5 10. Ngf3 O-O 11. O-O Rfe8 12. Re1 Rad8 13. Qa4 Bc5 14. e3
Bd3 15. Nd4 Ne5 16. Ne4 Bxe4 17. Bxe4 Ng4 18. Bf3 Ne5 19. Be2 a6 20. Rad1 Bxd4
21. Rxd4 Nf3+ 22. Bxf3 Qxf3 23. Red1 Qf6 24. Rxd8 Rxd8 25. Rxd8+ Qxd8 26. Qd4
Qe7 27. e4 Qg5 28. Kg2 c5 29. Qd5 Qe7 30. f4 Qc7 31. a3 c4 32. Kf3 Qb6 33. Qd2
Qg1 34. e5 Qh1+ 35. Ke3 h5 36. f5 Qf1 37. Ke4 Qh1+ 38. Kf4 Qc6 39. Qd6 Qg2 40.
e6 fxe6 41. fxe6 Qf2+ 42. Ke5 Qe3+ 43. Kd5 Qd3+ 44. Kc5 b6+ 45. Kc6 b5 46. Qxd3
cxd3 47. e7 1-0

[Event "II Open A"]
[Site "Pedavena ITA"]
[Date "2006.08.04"]
[Round "5"]
[White "Maietti, Luca"]
[Black "Ricci, Alfredo"]
[Result "1-0"]
[WhiteElo "1811"]
[BlackElo "2036"]
[PlyCount "102"]
[EventDate "2006.08.01"]

1. d4 Nf6 2. Nf3 c5 3. c3 Qc7 4. Bg5 Ne4 5. Bh4 b6 6. Nbd2 Bb7 7. e3 e6 8. Nxe4
Bxe4 9. Bd3 Bxd3 10. Qxd3 d5 11. Qb5+ Qc6 12. Qxc6+ Nxc6 13. Bg3 Be7 14. Ke2 c4
15. Nd2 h5 16. h3 Rc8 17. e4 Kd7 18. exd5 exd5 19. Rae1 b5 20. Nf3 Bf6 21. Bh4
Ke6 22. Kd2+ Kf5 23. Bxf6 gxf6 24. Nh4+ Kg5 25. g3 f5 26. Nf3+ Kf6 27. Ne5 Rc7
28. Nxc6 Rxc6 29. Re2 h4 30. Re5 Rd6 31. Ke3 Re6 32. Rxe6+ fxe6 33. Kf4 a5 34.
g4 b4 35. gxf5 exf5 36. Re1 Rb8 37. Re5 Rb5 38. Rxf5+ Ke6 39. Re5+ Kd6 40. Re2
a4 41. cxb4 Rxb4 42. Kg5 a3 43. bxa3 Rb1 44. f4 Rd1 45. f5 Rxd4 46. f6 Re4 47.
Rxe4 dxe4 48. Kg6 e3 49. f7 Ke5 50. f8=Q Kd4 51. Qf1 Kc3 1-0

[Event "II Open A"]
[Site "Pedavena ITA"]
[Date "2006.08.04"]
[Round "5"]
[White "Marson, Antonio"]
[Black "Pomaro, Alberto"]
[Result "0-1"]
[WhiteElo "1837"]
[BlackElo "2046"]
[PlyCount "66"]
[EventDate "2006.08.01"]

1. d4 Nf6 2. Bf4 g6 3. e3 Bg7 4. h3 O-O 5. Nf3 d6 6. Be2 c6 7. O-O Nbd7 8. c3
Ne8 9. Bh2 Nc7 10. Nbd2 c5 11. Qc2 b6 12. a4 Bb7 13. Rfc1 e5 14. Nc4 Qe7 15.
Na3 e4 16. Nd2 Ne8 17. Nb5 a6 18. Na3 d5 19. Qd1 f5 20. Nc2 g5 21. c4 cxd4 22.
Nxd4 f4 23. Bg4 Nc5 24. N2b3 Nd3 25. Rc2 Nc7 26. cxd5 Nxd5 27. Be6+ Kh8 28. Qh5
fxe3 29. Bxd5 exf2+ 30. Kf1 Bxd5 31. Rc7 Qb4 32. Rxg7 Qe1+ 33. Rxe1 fxe1=Q# 0-1

[Event "II Open A"]
[Site "Pedavena ITA"]
[Date "2006.08.04"]
[Round "5"]
[White "Naumkin, Igor"]
[Black "Kasparov, Sergey"]
[Result "1/2-1/2"]
[WhiteElo "2430"]
[BlackElo "2491"]
[PlyCount "20"]
[EventDate "2006.08.01"]

1. d4 d5 2. c4 dxc4 3. Nf3 Nf6 4. e3 e6 5. Bxc4 a6 6. a4 c5 7. O-O Nc6 8. Qe2
cxd4 9. Rd1 Be7 10. exd4 O-O 1/2-1/2

[Event "II Open A"]
[Site "Pedavena ITA"]
[Date "2006.08.04"]
[Round "5"]
[White "Okhotnik, Vladimir"]
[Black "Pojer, Romeo"]
[Result "1-0"]
[WhiteElo "2485"]
[BlackElo "2159"]
[PlyCount "69"]
[EventDate "2006.08.01"]

1. e4 d6 2. d4 Nf6 3. Nc3 g6 4. Be2 Bg7 5. e5 Nfd7 6. exd6 cxd6 7. Nf3 Nc6 8.
d5 Nce5 9. Nd4 Nf6 10. O-O O-O 11. a4 Qa5 12. Nb3 Qb4 13. a5 Bd7 14. Bd2 Qh4
15. f4 Neg4 16. h3 Rfc8 17. hxg4 Nxg4 18. Bxg4 Bxg4 19. Qe1 Qf6 20. Be3 Rc4 21.
Ra4 Rac8 22. Rxc4 Rxc4 23. Qd2 Bh6 24. Nd4 Rc8 25. Ne4 Qg7 26. c3 Qf8 27. f5
Bg7 28. fxg6 hxg6 29. Ng5 Bf6 30. Rf4 Bd7 31. Ndf3 Qd8 32. Bd4 Qxa5 33. Bxf6
exf6 34. Rxf6 Rc5 35. Qf4 1-0

[Event "II Open A"]
[Site "Pedavena ITA"]
[Date "2006.08.04"]
[Round "5"]
[White "Ottolini, Graziano"]
[Black "Fabrello, Alessandro"]
[Result "1-0"]
[WhiteElo "2084"]
[BlackElo "1557"]
[PlyCount "81"]
[EventDate "2006.08.01"]

1. e4 e5 2. Nf3 Nc6 3. Bc4 Nf6 4. Ng5 d5 5. exd5 Na5 6. Bb5+ c6 7. dxc6 bxc6 8.
Qf3 Bd7 9. Ba4 h6 10. Ne4 Nxe4 11. Qxe4 Bd6 12. d3 O-O 13. Bd2 f5 14. Qe2 e4
15. Nc3 Nb7 16. Bb3+ Kh8 17. O-O-O exd3 18. Qxd3 Be7 19. Bxh6 gxh6 20. Qxd7
Bg5+ 21. Kb1 Qxd7 22. Rxd7 Nc5 23. Rc7 Nxb3 24. axb3 Rfd8 25. h4 Bf6 26. Rxc6
Bg7 27. Rd1 Rxd1+ 28. Nxd1 a5 29. Ne3 a4 30. bxa4 Rxa4 31. Nxf5 Rf4 32. Nxg7
Kxg7 33. g3 Rxf2 34. Rc3 h5 35. b4 Kg6 36. b5 Rf8 37. b6 Rb8 38. Rb3 Kf5 39. b7
Kg4 40. Ka2 Rc8 41. bxc8=Q# 1-0

[Event "II Open A"]
[Site "Pedavena ITA"]
[Date "2006.08.04"]
[Round "5"]
[White "Pegoraro, Nicola"]
[Black "Capuano, Eugenio"]
[Result "0-1"]
[WhiteElo "2047"]
[BlackElo "2255"]
[PlyCount "50"]
[EventDate "2006.08.01"]

1. e4 c5 2. Nf3 Nc6 3. d4 cxd4 4. Nxd4 e5 5. Nb5 d6 6. N1c3 a6 7. Na3 b5 8. Nd5
Nge7 9. Bg5 h6 10. Bxe7 Nxe7 11. Nxe7 Bxe7 12. Bd3 Bb7 13. O-O d5 14. Qe2 O-O
15. Rad1 f5 16. exf5 Qc7 17. f3 Bxa3 18. bxa3 e4 19. fxe4 dxe4 20. Bxe4 Rac8
21. Rd4 Qe5 22. Qe3 Bxe4 23. Qb3+ Kh7 24. Qb4 Bxc2 25. Rd2 Qe4 0-1

[Event "II Open A"]
[Site "Pedavena ITA"]
[Date "2006.08.04"]
[Round "5"]
[White "Pompili, Alberto"]
[Black "Cammarota, Vittorio"]
[Result "1/2-1/2"]
[WhiteElo "1822"]
[BlackElo "2002"]
[PlyCount "72"]
[EventDate "2006.08.01"]

1. d4 d5 2. Nf3 Bf5 3. e3 Nf6 4. c4 c6 5. Nc3 e6 6. a3 Nbd7 7. c5 Qc7 8. Nh4
Bg6 9. f4 Bh5 10. Be2 Bxe2 11. Qxe2 Be7 12. Nf3 O-O 13. O-O a5 14. Qc2 b5 15.
cxb6 Nxb6 16. Bd2 Nc4 17. Ne5 Nxd2 18. Qxd2 c5 19. Nb5 Qb6 20. a4 cxd4 21. exd4
Bb4 22. Qd3 Rfd8 23. Kh1 Ne4 24. f5 f6 25. Ng4 Rac8 26. Ne3 Rc6 27. fxe6 Rxe6
28. Nf5 g6 29. Nh6+ Kg7 30. Ng4 h5 31. Nf2 Rde8 32. Rac1 Qd8 33. Qc2 Nxf2+ 34.
Rxf2 Bd6 35. Nxd6 Qxd6 36. Qd2 Qd8 1/2-1/2

[Event "II Open A"]
[Site "Pedavena ITA"]
[Date "2006.08.04"]
[Round "5"]
[White "Roversi, Stefano"]
[Black "Pasquotto, Mirko"]
[Result "1-0"]
[WhiteElo "1857"]
[BlackElo "1939"]
[PlyCount "85"]
[EventDate "2006.08.01"]

1. e4 c5 2. Nf3 d6 3. d4 cxd4 4. Nxd4 Nf6 5. Nc3 a6 6. Be2 e5 7. Nb3 Be6 8. O-O
Be7 9. Bg5 Nbd7 10. f4 Qc7 11. f5 Bc4 12. Bd3 O-O 13. Be3 d5 14. exd5 Nxd5 15.
Nxd5 Bxd5 16. c4 Bc6 17. Qc2 Nf6 18. c5 Rad8 19. Rae1 h6 20. Bd2 Rxd3 21. Qxd3
Bb5 22. Qg3 Bxf1 23. Kxf1 Kh8 24. Qxe5 Qxe5 25. Rxe5 Bd8 26. Ba5 h5 27. h3 Kg8
28. Ke2 Nh7 29. Bxd8 Rxd8 30. Na5 f6 31. Re7 Rd5 32. Nxb7 Kf8 33. Rc7 Rxf5 34.
Nd6 Re5+ 35. Kd3 Ng5 36. b4 Ne6 37. Rf7+ Kg8 38. Ra7 Nf4+ 39. Kc4 Nxg2 40. Rxa6
Nf4 41. Ra8+ Kh7 42. c6 Re7 43. b5 1-0

[Event "II Open A"]
[Site "Pedavena ITA"]
[Date "2006.08.04"]
[Round "5"]
[White "Santi, Andrea"]
[Black "Navarro, Stefano"]
[Result "1-0"]
[WhiteElo "1848"]
[BlackElo "2224"]
[PlyCount "61"]
[EventDate "2006.08.01"]

1. Nf3 d5 2. d4 e6 3. c4 c6 4. e3 Nf6 5. Nc3 Nbd7 6. Bd2 Be7 7. Qc2 O-O 8. Bd3
a6 9. c5 h6 10. Na4 Qc7 11. Bc3 a5 12. O-O b5 13. cxb6 Nxb6 14. Rfc1 Nfd7 15.
a3 Ba6 16. Bh7+ Kh8 17. Bxa5 g6 18. Bxg6 fxg6 19. Nxb6 Nxb6 20. Ne5 Rf5 21.
Bxb6 Qxb6 22. Nxg6+ Kg7 23. Nxe7 Rf7 24. Qg6+ Kf8 25. Nxc6 Qxb2 26. Qxh6+ Kg8
27. Qg6+ Kf8 28. Qc2 Qb7 29. Rab1 Qc7 30. Qc5+ Kg7 31. Ne5 1-0

[Event "II Open A"]
[Site "Pedavena ITA"]
[Date "2006.08.04"]
[Round "5"]
[White "Solinas, Carlo"]
[Black "Militello, Michele"]
[Result "1-0"]
[WhiteElo "2060"]
[BlackElo "1847"]
[PlyCount "69"]
[EventDate "2006.08.01"]

1. e4 d6 2. d4 Nf6 3. Nc3 c6 4. f4 Qa5 5. e5 Ne4 6. Qf3 d5 7. Bd3 Na6 8. Nge2
Nb4 9. O-O Nxc3 10. bxc3 Nxd3 11. cxd3 g6 12. Be3 h5 13. h3 Bf5 14. Ng3 h4 15.
Nxf5 gxf5 16. Rab1 b6 17. Qe2 e6 18. c4 dxc4 19. dxc4 Qa6 20. Qc2 Qb7 21. a4
Be7 22. c5 Bd8 23. Rfc1 Rc8 24. cxb6 axb6 25. d5 exd5 26. Qxf5 Qd7 27. Qd3 c5
28. f5 Qxa4 29. e6 fxe6 30. fxe6 Qe4 31. Qb5+ Kf8 32. Rf1+ Kg7 33. Qd7+ Be7 34.
Qxe7+ Kg6 35. Qf7# 1-0

[Event "II Open A"]
[Site "Pedavena ITA"]
[Date "2006.08.04"]
[Round "5"]
[White "Tomio, Dante"]
[Black "Fantini, Adriano"]
[Result "1/2-1/2"]
[WhiteElo "1969"]
[BlackElo "1760"]
[PlyCount "57"]
[EventDate "2006.08.01"]

1. d4 d5 2. Nf3 Nf6 3. Bg5 Bf5 4. e3 e6 5. c3 Be7 6. Qb3 b6 7. Ne5 O-O 8. Nd2
Nfd7 9. Bf4 Nxe5 10. dxe5 c5 11. Be2 Nd7 12. Nf3 c4 13. Qd1 Nc5 14. O-O Bd3 15.
Ne1 Bxe2 16. Qxe2 f6 17. Rc1 Qe8 18. Nc2 Qg6 19. Nd4 fxe5 20. Bxe5 Bf6 21. Bd6
Bxd4 22. exd4 Nd3 23. f4 Rf7 24. Rf3 Rd8 25. Rg3 Qf5 26. Be5 Nxf4 27. Bxf4 Qxf4
28. Qxe6 Qf2+ 29. Kh1 1/2-1/2

[Event "II Open A"]
[Site "Pedavena ITA"]
[Date "2006.08.04"]
[Round "5"]
[White "Verducci, Gianni"]
[Black "Jurkovic, Ante"]
[Result "0-1"]
[WhiteElo "2065"]
[BlackElo "2350"]
[PlyCount "102"]
[EventDate "2006.08.01"]

1. e4 e6 2. d4 d5 3. Nc3 Nf6 4. e5 Nfd7 5. f4 c5 6. Nf3 Nc6 7. Be3 a6 8. Be2 b5
9. a3 Qb6 10. Qd2 cxd4 11. Bxd4 Nxd4 12. Nxd4 Bc5 13. Rd1 Bb7 14. O-O Rc8 15.
Kh1 Bxd4 16. Qxd4 Qxd4 17. Rxd4 Nb6 18. Rfd1 Ke7 19. Kg1 Rc7 20. Kf2 Rhc8 21.
g4 h6 22. h4 f6 23. Re1 fxe5 24. fxe5 Bc6 25. Bd3 Rf8+ 26. Ke3 Nd7 27. Kd2 Rf2+
28. Kd1 Rc8 29. a4 bxa4 30. Nxa4 Bxa4 31. Rxa4 Nc5 32. Rb4 a5 33. Rb6 Nxd3 34.
Rb7+ Kf8 35. cxd3 Rcc2 36. Rf1 Rxb2 37. Rxb2 Rxf1+ 38. Ke2 Rf4 39. Rb8+ Kf7 40.
Rb7+ Kg8 41. Rb8+ Kh7 42. Re8 Rxg4 43. Rxe6 Rxh4 44. Rd6 d4 45. Rd5 Kg6 46.
Rxa5 Kf5 47. Ra7 g5 48. Re7 Rh2+ 49. Ke1 Rh3 50. Ke2 h5 51. e6 Re3+ 0-1

[Event "II Open A"]
[Site "Pedavena ITA"]
[Date "2006.08.04"]
[Round "6"]
[White "Biancotti, Alessandro"]
[Black "Campini, Marco"]
[Result "0-1"]
[WhiteElo "1678"]
[BlackElo "2100"]
[PlyCount "86"]
[EventDate "2006.08.01"]

1. e4 d6 2. d4 g6 3. Nc3 Bg7 4. Be3 Nf6 5. Be2 O-O 6. h3 c6 7. f4 Qc7 8. Nf3
Nbd7 9. e5 Nd5 10. Nxd5 cxd5 11. Qd2 Nb6 12. b3 Bf5 13. Rc1 Rfc8 14. Bd3 Be4
15. O-O Bxf3 16. Rxf3 e6 17. g4 a5 18. a4 Nd7 19. exd6 Qxd6 20. f5 e5 21. Qh2
Qa3 22. fxg6 hxg6 23. Rcf1 Rf8 24. Bb5 Qe7 25. Bxd7 exd4 26. Bb5 dxe3 27. Re1
Rac8 28. Bd3 Bc3 29. Rexe3 Bd4 30. Qf4 Bxe3+ 31. Rxe3 Qc5 32. Kg2 Rce8 33. Rf3
Re1 34. Rf1 Rxf1 35. Kxf1 Re8 36. Qf6 Re6 37. Qg5 Qd4 38. Qd2 Qf6+ 39. Kg2 d4
40. Qxa5 Re3 41. Qd5 Qh4 42. Kf1 Qe1+ 43. Kg2 Rg3+ 0-1

[Event "II Open A"]
[Site "Pedavena ITA"]
[Date "2006.08.04"]
[Round "6"]
[White "Bini, Alessandro"]
[Black "Hutzheimer, Alfred"]
[Result "1-0"]
[WhiteElo "1877"]
[BlackElo "2146"]
[PlyCount "119"]
[EventDate "2006.08.01"]

1. d3 d5 2. Nf3 c5 3. Nbd2 Nf6 4. e4 e6 5. c3 Nc6 6. e5 Nd7 7. d4 cxd4 8. cxd4
Qb6 9. Nb3 a5 10. Be3 a4 11. Nc1 Qxb2 12. Nd3 Qb6 13. Rb1 Qc7 14. Be2 Be7 15.
O-O f6 16. Nh4 fxe5 17. Bh5+ Kd8 18. Qg4 Bxh4 19. Qxh4+ Nf6 20. Bg5 Rf8 21.
dxe5 Nxe5 22. Bf4 Qe7 23. Nxe5 Nxh5 24. Bg5 Nf6 25. Rfc1 h6 26. Be3 Nd7 27.
Qxe7+ Kxe7 28. Ng6+ Ke8 29. Nxf8 Kxf8 30. Rc7 Ne5 31. Bd4 Nc4 32. Bxg7+ Ke8 33.
Bxh6 Rb8 34. Bf4 Ra8 35. Re1 b5 36. h4 Bd7 37. h5 Ke7 38. h6 Rh8 39. Bg5+ Kd6
40. Ra7 Rh7 41. Ra8 e5 42. f4 e4 43. Rg8 Bf5 44. Rg7 e3 45. g4 Rxg7 46. hxg7
Bh7 47. f5 d4 48. Kf1 Nd2+ 49. Ke2 b4 50. Rh1 Bg8 51. Rh8 Bxa2 52. Rd8+ Ke5 53.
Re8+ Kd6 54. Re6+ Bxe6 55. fxe6 Ne4 56. Bf4+ Kd5 57. g8=Q Nc3+ 58. Kd3 e2 59.
e7+ Kc5 60. e8=Q 1-0

[Event "II Open A"]
[Site "Pedavena ITA"]
[Date "2006.08.04"]
[Round "6"]
[White "Buzzatti, Francesco"]
[Black "Barro, Francesco"]
[Result "1-0"]
[WhiteElo "1823"]
[BlackElo "2022"]
[PlyCount "72"]
[EventDate "2006.08.01"]

1. e4 e5 2. Nf3 Nf6 3. Nxe5 d6 4. Nf3 Nxe4 5. d4 d5 6. Bd3 Be7 7. O-O Nc6 8. h3
Be6 9. c3 O-O 10. Qc2 f5 11. Bf4 h6 12. Nbd2 Rc8 13. Ne5 Nxe5 14. Bxe5 c5 15.
Rfe1 Bh4 16. Rf1 b6 17. Nf3 Bf6 18. Ba6 Ra8 19. Bb7 Bxe5 20. Bxa8 Bb8 21. Bc6
g5 22. Ne5 g4 23. hxg4 fxg4 24. f3 Bxe5 25. dxe5 g3 26. fxe4 Qh4 27. Rxf8+ Kxf8
28. Re1 Qh2+ 29. Kf1 Qh1+ 30. Ke2 Bg4+ 31. Kd2 Qh5 32. exd5 Bf5 33. Rf1 Qg5+
34. Kd1 Qg4+ 35. Kc1 Qg5+ 36. Kb1 Qe3 1-0

[Event "II Open A"]
[Site "Pedavena ITA"]
[Date "2006.08.04"]
[Round "6"]
[White "Cammarota, Vittorio"]
[Black "Bagolin, Renzo"]
[Result "1/2-1/2"]
[WhiteElo "2002"]
[BlackElo "1754"]
[PlyCount "74"]
[EventDate "2006.08.01"]

1. d4 d5 2. Nf3 Nf6 3. e3 c6 4. Bd3 Bg4 5. c4 e6 6. Nbd2 Nbd7 7. Qb3 Qc7 8. O-O
Be7 9. Re1 O-O 10. a3 Rfe8 11. Qc3 dxc4 12. Bxc4 Bh5 13. e4 Bg6 14. Nh4 Nxe4
15. Qh3 Nxd2 16. Bxd2 Bxh4 17. Qxh4 Nb6 18. Ba2 Qd7 19. Rac1 e5 20. Bc3 exd4
21. Rxe8+ Rxe8 22. Qxd4 Qxd4 23. Bxd4 Rd8 24. Be3 h6 25. Re1 Nc8 26. h3 b6 27.
Bf4 c5 28. Bc7 Rf8 29. Bc4 Bc2 30. g4 Ba4 31. Ba6 Bd7 32. Bb8 Be6 33. Bxc8 Rxc8
34. Bxa7 Rc6 35. Rc1 c4 36. Rd1 c3 37. bxc3 Rxc3 1/2-1/2

[Event "II Open A"]
[Site "Pedavena ITA"]
[Date "2006.08.04"]
[Round "6"]
[White "Capraro, Fabio"]
[Black "Guastadini, Paolo"]
[Result "1-0"]
[WhiteElo "1873"]
[BlackElo "2051"]
[PlyCount "47"]
[EventDate "2006.08.01"]

1. g3 d5 2. Bg2 e5 3. d3 c5 4. c4 d4 5. Nf3 Nc6 6. O-O Bd6 7. Na3 f5 8. Ne1 Nf6
9. Bg5 O-O 10. Bd5+ Kh8 11. Nac2 h6 12. Bd2 e4 13. e3 Be5 14. f4 dxe3 15. fxe5
exd2 16. Bxc6 dxe1=Q 17. Qxe1 exd3 18. exf6 Qxf6 19. Ba4 dxc2 20. Bxc2 Qxb2 21.
Rf2 Qf6 22. Rd1 b6 23. Rd5 Qc3 24. Qxc3 1-0

[Event "II Open A"]
[Site "Pedavena ITA"]
[Date "2006.08.04"]
[Round "6"]
[White "Capuano, Eugenio"]
[Black "Okhotnik, Vladimir"]
[Result "0-1"]
[WhiteElo "2255"]
[BlackElo "2485"]
[PlyCount "117"]
[EventDate "2006.08.01"]

1. d4 Nf6 2. c4 g6 3. Nc3 d5 4. Nf3 Bg7 5. Bg5 Ne4 6. cxd5 Nxg5 7. Nxg5 e6 8.
Nf3 exd5 9. b4 c6 10. e3 Qd6 11. Qb3 Bg4 12. Be2 O-O 13. O-O Nd7 14. b5 Rfe8
15. Rac1 Nb6 16. Na4 Nxa4 17. Qxa4 cxb5 18. Qxb5 Rab8 19. Rc5 Red8 20. Rfc1 h6
21. h3 Be6 22. Ne1 a6 23. Qb3 Rdc8 24. Bf3 Rxc5 25. Rxc5 b6 26. Rc1 g5 27. Nd3
Bf8 28. Ne5 Qa3 29. Rc6 Qxb3 30. axb3 a5 31. Bg4 Bxg4 32. hxg4 Rb7 33. Rc8 b5
34. Rd8 Kg7 35. Rxd5 a4 36. bxa4 bxa4 37. Ra5 a3 38. Nc4 Rb3 39. Ra6 f6 40. g3
Rc3 41. Ra7+ Kg6 42. Nb6 Rc2 43. Nd5 a2 44. Kg2 Bd6 45. e4 Rd2 46. Ne3 Bb8 47.
Ra6 Rxd4 48. Rxa2 Rxe4 49. Ra6 Rd4 50. Kf3 Rd7 51. Ra8 Rb7 52. Ra6 Be5 53. Rc6
Rb3 54. Ke4 Rb4+ 55. Rc4 Rb6 56. Ra4 Re6 57. Kd5 Rd6+ 58. Ke4 Rd7 59. Rc4 {...}
0-1

[Event "II Open A"]
[Site "Pedavena ITA"]
[Date "2006.08.04"]
[Round "6"]
[White "Carlassara, Renato"]
[Black "Pompili, Alberto"]
[Result "1/2-1/2"]
[WhiteElo "1850"]
[BlackElo "1822"]
[PlyCount "80"]
[EventDate "2006.08.01"]

1. e4 e6 2. d4 d5 3. Nd2 dxe4 4. Nxe4 Bd7 5. c3 Bc6 6. Qc2 Be7 7. Nf3 Nd7 8.
Bd3 Ngf6 9. Bg5 Bxe4 10. Bxe4 Nxe4 11. Bxe7 Qxe7 12. Qxe4 c6 13. O-O Nf6 14.
Qc2 O-O 15. Rad1 Rad8 16. Rfe1 c5 17. dxc5 Qxc5 18. Rxd8 Rxd8 19. Rd1 Rxd1+ 20.
Qxd1 Qc7 21. Qd4 b6 22. c4 h6 23. Ne5 Ne8 24. Qf4 f6 25. Nd3 Qxf4 26. Nxf4 Kf7
27. Kf1 Nc7 28. Ke2 e5 29. Nd3 Ne6 30. Ke3 Ke7 31. Ke4 g6 32. Kd5 Kd7 33. b4
Nc7+ 34. Ke4 Ke6 35. g4 f5+ 36. gxf5+ gxf5+ 37. Ke3 Kf6 38. c5 Nd5+ 39. Kd2 e4
40. cxb6 axb6 1/2-1/2

[Event "II Open A"]
[Site "Pedavena ITA"]
[Date "2006.08.04"]
[Round "6"]
[White "De Zaiacomo, Tonino"]
[Black "Vandervoort, Chantal"]
[Result "1/2-1/2"]
[WhiteElo "1898"]
[BlackElo "1800"]
[PlyCount "59"]
[EventDate "2006.08.01"]

1. d4 Nf6 2. c4 e6 3. Nc3 Bb4 4. Bd2 c5 5. e3 O-O 6. Nf3 d6 7. a3 Ba5 8. Rc1
Nbd7 9. Bd3 e5 10. Bb1 exd4 11. exd4 Re8+ 12. Ne2 Ne4 13. O-O Ndf6 14. h3 Bf5
15. b4 Bb6 16. Be3 cxb4 17. axb4 d5 18. c5 Bc7 19. Nh4 Bd7 20. Nf3 Bb5 21. Re1
Qd7 22. Nc3 Nxc3 23. Rxc3 Ne4 24. Ra3 a5 25. Bxe4 dxe4 26. Nd2 axb4 27. Rxa8
Rxa8 28. Nxe4 Bc6 29. Bg5 Qf5 30. Qg4 1/2-1/2

[Event "II Open A"]
[Site "Pedavena ITA"]
[Date "2006.08.04"]
[Round "6"]
[White "Efimov, Igor"]
[Black "Naumkin, Igor"]
[Result "0-1"]
[WhiteElo "2439"]
[BlackElo "2430"]
[PlyCount "68"]
[EventDate "2006.08.01"]

1. d4 e6 2. Nf3 f5 3. g3 Nf6 4. Bg2 Be7 5. O-O O-O 6. c4 d6 7. Nc3 a5 8. b3 Qe8
9. Bb2 Qh5 10. Re1 Nc6 11. d5 Nd8 12. dxe6 Nxe6 13. e3 Qh6 14. Rc1 c6 15. Na4
Ra6 16. Nd4 Ng5 17. h4 Nge4 18. Rc2 Bd7 19. Nc3 Raa8 20. Nde2 Nxf2 21. Qd4 N6e4
22. Nxe4 Nxe4 23. Bxe4 fxe4 24. Nf4 Rae8 25. Rf1 Bg4 26. Qb6 Bf3 27. Rh2 Rxf4
28. exf4 Qg6 29. Kf2 Bg4 30. h5 Bxh5 31. Rfh1 e3+ 32. Qxe3 Bf6 33. Bxf6 Rxe3
34. Kxe3 Qxg3+ 0-1

[Event "II Open A"]
[Site "Pedavena ITA"]
[Date "2006.08.04"]
[Round "6"]
[White "Fantini, Adriano"]
[Black "Pegoraro, Nicola"]
[Result "1/2-1/2"]
[WhiteElo "1760"]
[BlackElo "2047"]
[PlyCount "27"]
[EventDate "2006.08.01"]

1. b4 e5 2. Bb2 Bxb4 3. Bxe5 Nf6 4. e3 Nc6 5. Bb2 d5 6. Nf3 O-O 7. Be2 Re8 8.
O-O Qe7 9. d3 Bd6 10. Nbd2 Bf5 11. c4 dxc4 12. Nxc4 Bc5 13. a3 Rad8 14. Qb3
1/2-1/2

[Event "II Open A"]
[Site "Pedavena ITA"]
[Date "2006.08.04"]
[Round "6"]
[White "Forato, Enrico"]
[Black "Verducci, Gianni"]
[Result "1/2-1/2"]
[WhiteElo "1949"]
[BlackElo "2065"]
[PlyCount "101"]
[EventDate "2006.08.01"]

1. e4 e6 2. d4 d5 3. Nd2 Nf6 4. e5 Nfd7 5. f4 c5 6. c3 Nc6 7. Ngf3 Qb6 8. Nb3
cxd4 9. Nfxd4 Nc5 10. Be3 Bd7 11. Be2 Nxd4 12. Bxd4 Ba4 13. f5 Bxb3 14. axb3
Qxb3 15. Qxb3 Nxb3 16. Rxa7 Rxa7 17. Bb5+ Kd8 18. Bb6+ Kc8 19. Bxa7 Bc5 20.
Bxc5 Nxc5 21. fxe6 Nxe6 22. Rf1 Rf8 23. Kd2 Kc7 24. Ke3 Kb6 25. Bd7 Nc5 26. e6
Nxd7 27. exd7 Kc7 28. Kd4 Kxd7 29. Kxd5 f6 30. Re1 Ra8 31. Kc5 Ra6 32. c4 Rc6+
33. Kb5 Rd6 34. Re2 f5 35. b4 g5 36. c5 Rf6 37. Rd2+ Kc7 38. Re2 Rf7 39. Kc4 f4
40. h3 h5 41. Kd5 Rd7+ 42. Ke6 g4 43. hxg4 hxg4 44. Rf2 Rd4 45. Ke5 Rxb4 46.
Rxf4 Rxf4 47. Kxf4 Kc6 48. Kxg4 Kxc5 49. Kf4 b5 50. g4 b4 51. Ke3 1/2-1/2

[Event "II Open A"]
[Site "Pedavena ITA"]
[Date "2006.08.04"]
[Round "6"]
[White "Foroni, Francesco"]
[Black "Binder, Andrea"]
[Result "1-0"]
[WhiteElo "1836"]
[BlackElo "1691"]
[PlyCount "125"]
[EventDate "2006.08.01"]

1. Nf3 g6 2. c4 d6 3. Nc3 Bg7 4. d4 Nf6 5. e3 O-O 6. Be2 Nbd7 7. O-O e5 8. b4
c6 9. a4 exd4 10. Nxd4 c5 11. bxc5 Nxc5 12. Qc2 Bg4 13. Rd1 Qd7 14. Bb2 Rfd8
15. Bxg4 Nxg4 16. Rab1 Be5 17. Nf3 Bg7 18. h3 Ne5 19. Nd4 Rac8 20. Nd5 Qe8 21.
Ba1 Nxa4 22. Rxb7 Rxc4 23. Qa2 Nc5 24. Rxa7 Ra4 25. Rxa4 Qxa4 26. Qxa4 Nxa4 27.
Rb1 Nc5 28. Bc3 Kf8 29. g4 h6 30. Kg2 Ra8 31. Rb6 Nc4 32. Rb4 Ne5 33. Nb5 Rd8
34. Nxd6 Nc6 35. Bxg7+ Kxg7 36. Rc4 Rxd6 37. Rxc5 Nd8 38. Rb5 Ne6 39. Kg3 g5
40. Nc3 Rd3 41. Ne4 Rd7 42. Nc5 Nxc5 43. Rxc5 Rd1 44. Kg2 Rb1 45. h4 gxh4 46.
Rh5 Kg6 47. Rxh4 Kg5 48. Rh5+ Kxg4 49. Rxh6 Kg5 50. Ra6 Kf5 51. Kf3 Rb3 52.
Ra5+ Ke6 53. Kf4 Rb2 54. Ra6+ Kd5 55. f3 Rb4+ 56. e4+ Kd4 57. Rd6+ Kc5 58. Rd7
f6 59. Rf7 Rb6 60. Kf5 Kd4 61. Rxf6 Rb3 62. f4 Rb5+ 63. e5 1-0

[Event "II Open A"]
[Site "Pedavena ITA"]
[Date "2006.08.04"]
[Round "6"]
[White "Gaido, Paolo"]
[Black "Colombo, Sandro"]
[Result "1-0"]
[WhiteElo "2121"]
[BlackElo "1864"]
[PlyCount "37"]
[EventDate "2006.08.01"]

1. Nf3 c5 2. c4 Nf6 3. Nc3 d5 4. cxd5 Nxd5 5. d4 Nc6 6. e3 e6 7. Bb5 Bd7 8. O-O
cxd4 9. Nxd5 exd5 10. exd4 Nxd4 11. Bxd7+ Qxd7 12. Qxd4 f6 13. Rd1 Rc8 14. Qxd5
Qxd5 15. Rxd5 Rc2 16. Rd2 Rc6 17. Rd3 Bd6 18. Bd2 Rc2 19. Rxd6 1-0

[Event "II Open A"]
[Site "Pedavena ITA"]
[Date "2006.08.04"]
[Round "6"]
[White "Jurkovic, Ante"]
[Black "Luciani, Valerio"]
[Result "1/2-1/2"]
[WhiteElo "2350"]
[BlackElo "2232"]
[PlyCount "44"]
[EventDate "2006.08.01"]

1. e4 e6 2. d4 d5 3. exd5 exd5 4. Nf3 Nc6 5. c4 Nf6 6. Nc3 Be6 7. cxd5 Nxd5 8.
Bb5 Bd6 9. O-O O-O 10. Ng5 Qf6 11. Qd3 Bf5 12. Qf3 Nxd4 13. Qxd5 c6 14. Bxc6
bxc6 15. Qc4 h6 16. Be3 c5 17. Nce4 Bxe4 18. Nxe4 Bxh2+ 19. Kxh2 Qh4+ 20. Kg1
Qxe4 21. Rac1 Rad8 22. Rfe1 Rd5 1/2-1/2